| 000 | 00000nam##2200000za#4500 |
| 001 | 9.696468 |
| 003 | CaOODSP |
| 005 | 20210624235040 |
| 007 | cr ||||||||||| |
| 008 | 150407|2002||||xxc|||||o f|0| 0 eng|d |
| 040 | |aCaOODSP|beng |
| 043 | |an-cn--- |
| 086 | 1 |aF2-166/2002E-PDF |
| 110 | 1 |aCanada. |bDepartment of Finance. |
| 245 | 10|aLegislative proposals relating to the Excise Tax Act : |h[electronic resource]|bnotice of ways and means motion and explanatory notes / |cpublished by the Honourable Paul Martin, Minister of Finance. |
| 260 | |aOttawa - Ontario : |bFinance Canada |cFebruary 2002. |
| 300 | |a70p. |
| 500 | |aThe catalogue number (F2-166/2002E) and ISBN (0-660-18636-5) for the print edition have been incorrectly copied in this electronic publication. |
| 590 | |a12-33-Supp|b2012-07-18 |
| 690 | 07|aLegislation|2gcpds |
| 690 | 07|aTariffs|2gcpds |
| 775 | 08|tPropositions législatives concernant la Loi sur la taxe d'accise : |w(CaOODSP)9.640583 |
| 776 | 0#|tLegislative proposals relating to the Excise Tax Act : |w(CaOODSP)9.648474 |
| 856 | 40|ahttp://publications.gc.ca|qPDF|s135 KB|uhttps://publications.gc.ca/collections/Collection/F2-166-2002E.pdf |